000 nam a22 7a 4500
999 _c10420
_d10420
008 180216b ||||| |||| 00| 0 eng d
100 _aGusain, V
_96363
245 _aComputer world class-VIII
260 _aNew delhi
_bArya Publication
_c2012